Cargando...

Oil in the environment: Legacies and lessons of the exxon valdez oil spill

Detalles Bibliográficos
Autor principal: John A Wiens
Formato: Printed Book
Publicado: Cambridge university press 2013
Materias:
LEADER 00504nam a22001337a 4500
020 |a 9781107027176 
082 |a 363.7382  |b WIE.O 
100 |a John A Wiens 
245 |a Oil in the environment: Legacies and lessons of the exxon valdez oil spill 
260 |b Cambridge university press  |c 2013 
650 |a Petroleum  |a Oil spills  |a Oil pollution 
942 |c BK 
999 |c 4529  |d 4529 
952 |0 0  |1 0  |4 0  |6 363_738200000000000_WIE_O  |7 0  |8 NFIC  |9 4519  |a CAMPUS  |b CAMPUS  |d 2015-05-23  |l 0  |o 363.7382 WIE.O  |p 17239  |r 2015-05-23  |w 2015-05-23  |y BK